000 00604naa a2200217 i 4500
001 35567
003 ES-MaBCM
005 20241016103833.0
008 950712s1995 fra 000 0 fre d
021 _axx
035 _a(OCoLC)1365215600
040 _cES-MaBCM
041 0 _afre
043 _afra
100 1 _aOuvrard, Françoise
_934834
245 1 3 _aLa lutte contre la contrefaçon
_cFrançoise Ouvrard
651 4 _aFrancia
_9115364
773 0 _aEn:
_tProblèmes économiques
_dParis : 1995
_w104496
_gnº 2.431, juil., p. 5-9. - Loc. S.428
942 _cAREV
999 _c35567
_d35567
650 0 _aFalsificación
_9127058